Beste Bundesliga Torschützen Arminia Bielefeld - Statistiken

Allgemein
  • Dieses Quiz wurde 269 mal gespielt
  • Das Durchschnittsergebnis liegt bei 6 aus 21
Antwortstatistiken
Saison Nationalität Tore Spieler % Korrekt
2020/21 Deutschland 5 Fabian Klos
88%
2020/21 Japan 5 Ritsu Dōan
61%
2002/03 Polen 12 Artur Wichniarek
59%
2006/07 Polen 10 Artur Wichniarek
59%
2007/08 Polen 10 Artur Wichniarek
59%
2008/09 Polen 13 Artur Wichniarek
59%
2021/22 Japan 8 Masaya Okugawa
53%
1999/00 Deutschland 11 Bruno Labbadia
31%
2004/05 Südafrika 15 Delron Buckley
31%
1996/97 Deutschland 14 Stefan Kuntz
27%
1997/98 Deutschland 11 Stefan Kuntz
27%
2005/06 Ghana 8 Isaac Boakye
14%
1982/83 Deutschland 11 Frank Pagelsdorf
8%
1983/84 Deutschland 10 Frank Pagelsdorf
8%
1978/79 Deutschland 10 Norbert Eilenfeldt
6%
1970/71 Deutschland 8 Ernst Kuster
4%
1980/81 Deutschland 16 Gerd-Volker Schock
4%
1981/82 Deutschland 7 Gerd-Volker Schock
4%
1984/85 Deutschland 18 Siegfried Reich
4%
1971/72 Deutschland 7 Jürgen Jendrossek
2%
1971/72 Deutschland 7 Karl-Heinz Brücken
2%
Keine übereinstimmenden Quizze gefunden
Verteilung der Resultate
Anzahl Personen mit jedem Resultat
Perzentil nach korrekt beantworteten Fragen
Ihre Resultats-Entwicklung
Sie haben dieses Quiz noch nicht gespielt